[Event "Sharjah Ramadan op rapid"]
[Site "Sharjah"]
[Date "2019.05.17"]
[Round "9"]
[White "Ashraf, Ahmed Ramadan"]
[Black "Elazazy, Amro"]
[Result "1-0"]
[WhiteElo "1916"]
[BlackElo "2080"]
[PlyCount "105"]
[EventDate "2019.05.13"]
[EventType "swiss (rapid)"]
[EventRounds "9"]
[EventCountry "UAE"]
[SourceTitle "CBM 190 Extra"]
[Source "ChessBase"]
[SourceDate "2019.07.15"]
[SourceVersion "1"]
[SourceVersionDate "2019.07.15"]
[SourceQuality "1"]

1. e4 e6 2. d4 d5 3. Nd2 Nf6 4. e5 Nfd7 5. f4 c5 6. c3 Nc6 7. Ngf3 Qb6 8. Nb3 a5 9. a4 c4 10. Nbd2 Be7 11. Be2 h6 12. Nf1 Qa6 13. f5 exf5 14. Ne3 Nb6 15. 0-0 g6 16. Bd2 Be6 17. b3 f4 18. Nc2 g5 19. Na3 0-0-0 20. Nb5 Na7 21. bxc4 Nxc4 22. Na3 Rdg8 23. Ne1 h5 24. Nxc4 dxc4 25. Bf3 h4 26. Rb1 b5 27. axb5 Qb6 28. h3 f5 29. exf6 Bxf6 30. Qe2 Re8 31. Qe4 Bd7 32. Qd5 Be6 33. Bg4 Bxg4 34. Qxc4+ Kb8 35. hxg4 h3 36. Nf3 hxg2 37. Kxg2 Nc8 38. Rbe1 Nd6 39. Qd5 Rxe1 40. Rxe1 Re8 41. Rxe8+ Nxe8 42. Nxg5 Bxg5 43. Qxg5 a4 44. Bxf4+ Ka8 45. Qd5+ Ka7 46. Qd7+ Qb7+ 47. Qxb7+ Kxb7 48. Bc1 Kb6 49. c4 Nf6 50. Kf3 Ka5 51. Bd2+ Kb6 52. Bb4 Nd7 53. g5 1-0

[Event "Sharjah Ramadan op rapid"]
[Site "Sharjah"]
[Date "2019.05.15"]
[Round "6"]
[White "De Guzman, Carlos"]
[Black "Elazazy, Amro"]
[Result "0-1"]
[WhiteElo "1850"]
[BlackElo "2080"]
[PlyCount "120"]
[EventDate "2019.05.13"]
[EventType "swiss (rapid)"]
[EventRounds "9"]
[EventCountry "UAE"]
[SourceTitle "CBM 190 Extra"]
[Source "ChessBase"]
[SourceDate "2019.07.15"]
[SourceVersion "1"]
[SourceVersionDate "2019.07.15"]
[SourceQuality "1"]

1. d4 e6 2. Bf4 d5 3. Nf3 Nf6 4. e3 c5 5. c3 Nc6 6. h3 Bd7 7. Bd3 Qb6 8. Qc2 Rc8 9. Ne5 cxd4 10. Nxc6 Bxc6 11. exd4 Bb5 12. Bxb5+ Qxb5 13. f3 Be7 14. g4 Nd7 15. Kf2 Bh4+ 16. Bg3 Bf6 17. Qd2 Nb6 18. Na3 Qa4 19. Bd6 Nc4 20. Nxc4 Qxc4 21. g5 Be7 22. Bxe7 Kxe7 23. Rhe1 Rhe8 24. Re5 b5 25. a3 a5 26. h4 Kf8 27. h5 Kg8 28. h6 b4 29. axb4 axb4 30. Rc1 Qb3 31. hxg7 bxc3 32. bxc3 Rc4 33. Re3 Rec8 34. Kg3 Qa3 35. Rc2 Qa1 36. Re1 Qa5 37. Re3 Qa4 38. Re2 Qa1 39. Re1 Qa3 40. Rec1 Qd6+ 41. f4 Qa3 42. Qd3 Kxg7 43. Kg4 Qe7 44. Rh1 Rh8 45. Rch2 f5+ 46. gxf6+ Qxf6 47. Rxh7+ Rxh7 48. Qxh7+ Kf8 49. Qh8+ Qxh8 50. Rxh8+ Kg7 51. Rh3 Kg6 52. Re3 Kf6 53. Kh5 Kf5 54. Rf3 Rc8 55. Kh6 Ke4 56. Rf1 Rxc3 57. Kg6 Kxd4 58. Kf6 Rc6 59. Kg5 Ke3 60. Re1+ Kd2 0-1